<?xml version="1.0" encoding="UTF-8"?>
<collection xmlns="http://www.loc.gov/MARC21/slim">
 <record>
  <leader>02280nam a22003257a 4500</leader>
  <controlfield tag="001">NCT_38955</controlfield>
  <controlfield tag="008">180602b        xxu||||| |||| 00| 0 vie d</controlfield>
  <datafield tag="999" ind1=" " ind2=" ">
   <subfield code="c">1880</subfield>
   <subfield code="d">1880</subfield>
  </datafield>
  <datafield tag="020" ind1=" " ind2=" ">
   <subfield code="a">9786047308002</subfield>
   <subfield code="c">60000</subfield>
  </datafield>
  <datafield tag="082" ind1="0" ind2="4">
   <subfield code="2">23rd ed.</subfield>
   <subfield code="a">660.634</subfield>
   <subfield code="b">L561</subfield>
  </datafield>
  <datafield tag="100" ind1="1" ind2=" ">
   <subfield code="a">Nguyễn Ngọc Lượng</subfield>
   <subfield code="e">chủ biên</subfield>
  </datafield>
  <datafield tag="245" ind1="1" ind2="0">
   <subfield code="a">Công nghệ Enzym</subfield>
   <subfield code="c">Nguyễn Đức Lượng ( chủ biên), Cao Cường, Nguyễn Ánh Tuyết, Lê Thị Thủy Tiên, Huỳnh Ngọc Oanh, Nguyễn Thúy Hương, Phan Thị Huyền, Tạ Thu Hằng</subfield>
  </datafield>
  <datafield tag="250" ind1=" " ind2=" ">
   <subfield code="a">Tái bản lần thứ hai</subfield>
  </datafield>
  <datafield tag="260" ind1=" " ind2=" ">
   <subfield code="a">TP Hồ Chí Minh</subfield>
   <subfield code="b">Đại học Quốc gia</subfield>
   <subfield code="c">2012</subfield>
  </datafield>
  <datafield tag="300" ind1=" " ind2=" ">
   <subfield code="a">534 tr.</subfield>
   <subfield code="b">hình vẽ, bảng</subfield>
   <subfield code="c">24cm</subfield>
  </datafield>
  <datafield tag="520" ind1="3" ind2=" ">
   <subfield code="a">Chương 1: Những hiểu biết cơ bản về enzym-Chương 2: Những phương pháp và kỹ thuật cơ bản trong công nghệ enzyme-Chương 3: Enzyme cố định (enzyme không hòa ta)-Chương 4: Thu nhận enzyme từ nguồn thực vật-Chương 5: Thu nhận enzyme từ nguồn động vật-Chương 6: Thu nhận enzyme từ vi sinh vật-Chương 7:Ứng dụng enzyme-Chương 8: Thị trường enzyme và công nghệ enzyme trong tương lai.</subfield>
  </datafield>
  <datafield tag="653" ind1=" " ind2=" ">
   <subfield code="a">Công nghệ thực phẩm</subfield>
  </datafield>
  <datafield tag="700" ind1="1" ind2=" ">
   <subfield code="a">Cao Cường</subfield>
  </datafield>
  <datafield tag="700" ind1="1" ind2=" ">
   <subfield code="a">Nguyễn Ánh Tuyết</subfield>
  </datafield>
  <datafield tag="700" ind1="1" ind2=" ">
   <subfield code="a"> Lê Thị Thủy Tiên</subfield>
  </datafield>
  <datafield tag="700" ind1="1" ind2=" ">
   <subfield code="a">Tạ Thu Hằng</subfield>
  </datafield>
  <datafield tag="700" ind1="1" ind2=" ">
   <subfield code="a">Huỳnh Ngọc Oanh</subfield>
  </datafield>
  <datafield tag="700" ind1="1" ind2=" ">
   <subfield code="a">Nguyễn Thúy Hương</subfield>
  </datafield>
  <datafield tag="700" ind1="1" ind2=" ">
   <subfield code="a">Phan Thị Huyền</subfield>
  </datafield>
  <datafield tag="942" ind1=" " ind2=" ">
   <subfield code="2">ddc</subfield>
   <subfield code="c">BK</subfield>
  </datafield>
  <datafield tag="952" ind1=" " ind2=" ">
   <subfield code="0">0</subfield>
   <subfield code="1">0</subfield>
   <subfield code="2">ddc</subfield>
   <subfield code="4">0</subfield>
   <subfield code="6">660_634000000000000_L561</subfield>
   <subfield code="7">0</subfield>
   <subfield code="9">9550</subfield>
   <subfield code="a">000001</subfield>
   <subfield code="b">000001</subfield>
   <subfield code="d">2018-06-02</subfield>
   <subfield code="o">660.634 L561</subfield>
   <subfield code="p">MD.09146</subfield>
   <subfield code="r">2018-06-02</subfield>
   <subfield code="v">60000.00</subfield>
   <subfield code="w">2018-06-02</subfield>
   <subfield code="y">BK</subfield>
  </datafield>
  <datafield tag="952" ind1=" " ind2=" ">
   <subfield code="0">0</subfield>
   <subfield code="1">0</subfield>
   <subfield code="2">ddc</subfield>
   <subfield code="4">0</subfield>
   <subfield code="6">660_634000000000000_L561</subfield>
   <subfield code="7">0</subfield>
   <subfield code="9">9551</subfield>
   <subfield code="a">000001</subfield>
   <subfield code="b">000001</subfield>
   <subfield code="d">2018-06-02</subfield>
   <subfield code="o">660.634 L561</subfield>
   <subfield code="p">MD.09147</subfield>
   <subfield code="r">2018-06-02</subfield>
   <subfield code="v">60000.00</subfield>
   <subfield code="w">2018-06-02</subfield>
   <subfield code="y">BK</subfield>
  </datafield>
  <datafield tag="952" ind1=" " ind2=" ">
   <subfield code="0">0</subfield>
   <subfield code="1">0</subfield>
   <subfield code="2">ddc</subfield>
   <subfield code="4">0</subfield>
   <subfield code="6">660_634000000000000_L561</subfield>
   <subfield code="7">0</subfield>
   <subfield code="9">9552</subfield>
   <subfield code="a">000001</subfield>
   <subfield code="b">000001</subfield>
   <subfield code="d">2018-06-02</subfield>
   <subfield code="o">660.634 L561</subfield>
   <subfield code="p">MD.09148</subfield>
   <subfield code="r">2018-06-02</subfield>
   <subfield code="v">60000.00</subfield>
   <subfield code="w">2018-06-02</subfield>
   <subfield code="y">BK</subfield>
  </datafield>
  <datafield tag="952" ind1=" " ind2=" ">
   <subfield code="0">0</subfield>
   <subfield code="1">0</subfield>
   <subfield code="2">ddc</subfield>
   <subfield code="4">0</subfield>
   <subfield code="6">660_634000000000000_L561</subfield>
   <subfield code="7">0</subfield>
   <subfield code="9">9562</subfield>
   <subfield code="a">000001</subfield>
   <subfield code="b">000001</subfield>
   <subfield code="d">2018-06-02</subfield>
   <subfield code="o">660.634 L561</subfield>
   <subfield code="p">MD.09150</subfield>
   <subfield code="r">2018-06-02</subfield>
   <subfield code="v">60000.00</subfield>
   <subfield code="w">2018-06-02</subfield>
   <subfield code="y">BK</subfield>
  </datafield>
  <datafield tag="980" ind1=" " ind2=" ">
   <subfield code="a">Thư viện Trường Đại học Nam Cần Thơ</subfield>
  </datafield>
 </record>
</collection>
